| 000 | 00532nam a2200193Ia 4500 | ||
|---|---|---|---|
| 999 |
_c1015 _d1015 |
||
| 020 | _a0 566 0 5058 7 | ||
| 082 | _aRR 025.04 MAN- | ||
| 245 | 0 | _aManual of online search strategies | |
| 260 |
_aAldershot _bGower Publishing _c1988 |
||
| 300 | _axiii, 831p. | ||
| 650 | _aLibrary science | ||
| 650 | _aInformation storage and retrieval systems | ||
| 650 | _aOn-line search strategies | ||
| 650 | _aDatabase searching | ||
| 650 | _aOn-line data processing | ||
| 700 | _aArmstrong, C.J. | ||
| 700 | _aLarge, J.A. | ||
| 942 | _cBK | ||